[Event "IM"]
[Site "Varazdin CRO"]
[Date "2003.11.28"]
[Round "12"]
[White "Kiss,At"]
[Black "Segovic,G"]
[Result "1-0"]
[WhiteElo "2397"]
[BlackElo "2091"]

1.d4 Nf6 2.Nf3 e6 3.c4 b6 4.g3 Ba6 5.Qa4 c6 6.Nc3 d5 7.cxd5 exd5 8.Bg2 Bd6
9.Bg5 O-O 10.O-O h6 11.Bxf6 Qxf6 12.Rfe1 Bb7 13.e4 dxe4 14.Nxe4 Qd8 15.Ne5 Bc7
16.Rad1 Qc8 17.Qb3 c5 18.Nxf7 Rxf7 19.Nf6+ gxf6 20.Bxb7 Qf8 21.Bxa8  1-0

[Event "Attila Schneder Mem"]
[Site "Budapest HUN"]
[Date "2003.12.01"]
[Round "1"]
[White "Banusz,T"]
[Black "Lorincz,I"]
[Result "1/2-1/2"]
[WhiteElo "2361"]
[BlackElo "2305"]

1.d4 Nf6 2.Nf3 e6 3.c4 b6 4.g3 Ba6 5.Qb3 c5 6.d5 exd5 7.cxd5 Be7 8.Nc3 O-O
9.e4 Bxf1 10.Kxf1 d6 11.Kg2 Nbd7 12.Bf4 Nh5 13.Be3 g6 14.Rhe1 Re8 15.Rad1 Bf8
16.h3 a6 17.a4 Rb8 18.Qc4 b5 19.axb5 axb5 20.Nxb5 Qa5 21.Nc3 Rxb2 22.Ra1  1/2-1/2

[Event "Attila Schneder Mem"]
[Site "Budapest HUN"]
[Date "2003.12.03"]
[Round "3"]
[White "Szilagyi,P"]
[Black "Lorincz,I"]
[Result "1/2-1/2"]
[WhiteElo "2434"]
[BlackElo "2305"]

1.d4 Nf6 2.Nf3 e6 3.c4 b6 4.g3 Ba6 5.b3 Bb4+ 6.Bd2 Be7 7.Bg2 Bb7 8.Nc3 c5
9.d5 exd5 10.Nh4 g6 11.cxd5 d6 12.h3 O-O 13.Bh6 Re8 14.Qd2 Nbd7 15.Nf5 Bf8
16.Bxf8 Nxf8 17.Nh6+ Kg7 18.g4 b5 19.g5 b4 20.Nd1 Ba6 21.Ne3 Ne4 22.Bxe4 Rxe4
23.Qb2+ f6 24.O-O-O Nd7 25.Nhg4 h5 26.gxh6+ Kh7 27.f3 Re7 28.h4 f5 29.h5 Qh8
30.hxg6+ Kxg6 31.Qxh8 Rxh8 32.Rdg1 fxg4 33.Rxg4+ Kf6 34.Rf4+ Kg5 35.Rg4+ Kf6
36.Kd2 Rf7 37.Re4 Re7 38.Rxe7 Kxe7 39.Nf5+ Kf6 40.Nxd6 Kg6 41.Rg1+ Kf6 42.Ne4+ Ke5
43.Ke3 Kxd5 44.Rd1+ Kc6 45.Rd6+ Kb5 46.Rxd7 Rxh6 47.Rd5 Rc6 48.f4 Kb6 49.f5 c4
50.bxc4 Bxc4 51.Rd2 a5 52.Kd4 a4 53.Rc2 b3 54.axb3 Bxb3 55.Rb2 Rc2 56.Rxc2 Bxc2
57.f6 a3 58.Kc3 a2 59.Kb2 Bb3 60.Ng5 Kc5 61.f7 Bxf7 62.Nxf7 Kd4  1/2-1/2

[Event "Attila Schneder Mem"]
[Site "Budapest HUN"]
[Date "2003.12.05"]
[Round "5"]
[White "Szilagyi,P"]
[Black "Horvath,An"]
[Result "0-1"]
[WhiteElo "2434"]
[BlackElo "2265"]

1.d4 Nf6 2.c4 e6 3.Nf3 b6 4.g3 Ba6 5.Qb3 c5 6.d5 exd5 7.cxd5 g6 8.Bg5 Bg7
9.Qe3+ Qe7 10.Qxe7+ Kxe7 11.d6+ Kf8 12.Nc3 Bb7 13.Bg2 h6 14.Bf4 g5 15.Bc1 Ne8
16.O-O Nxd6 17.Rd1 Ne8 18.h4 f6 19.Ne5 Bxg2 20.Ng6+ Kg8 21.Nxh8 Bh3 22.Ng6 Kf7
23.h5 Bg4 24.Nd5 Nc6 25.f3 Bxh5 26.Ngf4 Bxf3 27.exf3 gxf4 28.Bxf4 Nd4 29.Kf2 f5
30.Rh1 Ne6 31.Bxh6 Bxb2 32.Rad1 Rd8 33.g4 fxg4 34.fxg4 Nf6 35.Nxf6 Kxf6 36.Rd5 d6
37.Rf5+ Kg6 38.Bd2 Rh8 39.Rfh5 Rxh5 40.Rxh5 c4 41.Rh6+ Kf7 42.Ke2 d5 43.Rh5 d4
44.Rf5+ Kg6 45.Rd5 c3 46.Rd6 Kf6 47.Bh6 Ke7 48.Rxe6+ Kxe6 49.Kd3 Ba3 50.Bf4 Bd6
51.Bc1 Be5 52.Ke4 Bg7 53.Bf4 b5 54.Bg5 a5 55.Bf4 a4  0-1

[Event "Attila Schneder Mem"]
[Site "Budapest HUN"]
[Date "2003.12.06"]
[Round "6"]
[White "Horvath,An"]
[Black "Harmon,C"]
[Result "1/2-1/2"]
[WhiteElo "2265"]
[BlackElo "2207"]

1.d4 Nf6 2.Nf3 e6 3.c4 b6 4.g3 Ba6 5.b3 Bb4+ 6.Bd2 Be7 7.Bg2 c6 8.Bc3 d5
9.Nbd2 Nbd7 10.O-O Rc8 11.Re1 c5 12.e4 O-O 13.e5 Ne8 14.cxd5 exd5 15.Bh3 Nc7
16.Nf1 Ne6 17.Rc1 Re8 18.Ne3 cxd4 19.Nxd4 Ba3 20.Rc2 Ndc5 21.Nef5 Ne4 22.Bd2 Nxd4
23.Nxd4 Rxc2 24.Qxc2 Bc5 25.Be3 Bb7 26.f4 g5 27.e6 gxf4 28.exf7+ Kxf7 29.Rf1 Kg8
30.gxf4 Ng5 31.fxg5 Rxe3 32.Qf5 Bxd4 33.Kh1 Qe7 34.g6 Qe4+ 35.Qxe4 Rxe4 36.gxh7+ Kxh7
37.Rf7+ Kg6 38.Rxb7 Re1+ 39.Kg2 Re2+ 40.Kf3 Rxh2 41.Bg2 Rh7 42.Rxh7  1/2-1/2

[Event "VIII Mirko Srajber Mem"]
[Site "Subotica SCG"]
[Date "2003.12.06"]
[Round "9"]
[White "Ilincic,Z"]
[Black "Parligras,M"]
[Result "1/2-1/2"]
[WhiteElo "2564"]
[BlackElo "2525"]

1.d4 Nf6 2.c4 e6 3.Nf3 b6 4.g3 Ba6 5.Qa4 Bb7 6.Bg2 c5 7.O-O cxd4 8.Nxd4 Bxg2
9.Kxg2 Qc8 10.Rd1 Nc6 11.Nxc6 Qxc6+ 12.Qxc6 dxc6 13.Bf4 Be7 14.Nc3 Rd8 15.a3 Rxd1
16.Rxd1 O-O 17.e4 Rd8 18.Rxd8+ Bxd8 19.Bb8 a6 20.e5 Nd7 21.Bd6 f6 22.f4 fxe5
23.fxe5 Bg5 24.Ne2 c5 25.Kf3 Kf7 26.Ke4 Bd2 27.Kd3 Bg5 28.Nc3 Kg6 29.Ke4 Bc1
30.Na4 Kg5 31.h3 Kg6 32.Bc7 b5 33.cxb5 axb5 34.Nc3 b4 35.axb4 cxb4 36.Na4 b3
37.Ba5 h5 38.Bc3 Kg5 39.Bb4 Kg6 40.Bc3 Kg5 41.Bb4  1/2-1/2

[Event "VIII Mirko Srajber Mem"]
[Site "Subotica SCG"]
[Date "2003.12.07"]
[Round "10"]
[White "Markus,R"]
[Black "Benkovic,P"]
[Result "1/2-1/2"]
[WhiteElo "2522"]
[BlackElo "2463"]

1.d4 Nf6 2.c4 e6 3.Nf3 b6 4.g3 Ba6 5.b3 Bb4+ 6.Bd2 Be7 7.Bg2 c6 8.O-O O-O
9.Qc2 d5 10.Rd1 Nbd7 11.Bf4 Nh5 12.Bc1 Nhf6 13.Bf4 Nh5 14.Be3 Nhf6 15.a4 h6
16.Na3 Bb4 17.Bd2 Qe7 18.Bxb4 Qxb4 19.Ne1 Rac8 20.Nd3 Qe7 21.Qb2 Rfd8 22.a5 Nb8
23.axb6 axb6 24.Rac1 c5 25.e3  1/2-1/2

[Event "Attila Schneider Mem"]
[Site "Budapest HUN"]
[Date "2003.12.08"]
[Round "8"]
[White "Banusz,T"]
[Black "Harmon,C"]
[Result "1-0"]
[WhiteElo "2361"]
[BlackElo "2207"]

1.d4 Nf6 2.c4 e6 3.Nf3 b6 4.g3 Ba6 5.Qa4 Bb7 6.Bg2 c5 7.dxc5 Bxc5 8.O-O Be7
9.Nc3 Na6 10.Rd1 Nc5 11.Qc2 O-O 12.Bf4 Qc8 13.Rac1 Nce4 14.Nd4 Nxc3 15.Qxc3 a6
16.Qb3 Bxg2 17.Kxg2 Qb7+ 18.Qf3 Ra7 19.Qxb7 Rxb7 20.f3 Rc8 21.e4 d6 22.Ne2 Rc6
23.b3 h6 24.Rd2 g5 25.Be3 Nd7 26.Rdc2 Nc5 27.Rd1 Nd7 28.Rcd2 b5 29.cxb5 axb5
30.Nd4 Ra6 31.Rc1 Ne5 32.Rc8+ Kg7 33.Rdc2 Nd3 34.Kf1 Nb4 35.R2c7 Rxc7 36.Rxc7 Kf8
37.Nxb5 Rxa2 38.Rc4 Nd3 39.f4 Rxh2 40.Rd4 Nc5 41.b4 e5 42.Rc4 Nd3 43.fxg5 hxg5
44.Nc7 Nb2 45.Rc6 Nd1 46.Bg1 Rb2 47.Nd5 Rb1 48.Ke2 Nb2 49.Rc8+ Kg7 50.Be3 Bf6
51.Rc1 Rxc1 52.Bxc1 Na4 53.Be3 g4 54.b5 Bd8 55.b6 Nxb6 56.Bxb6 Bxb6 57.Nxb6 f5
58.exf5 Kf6 59.Ke3 Kxf5 60.Nd5 Kg5 61.Ke4 Kg6 62.Ne3  1-0

[Event "22nd SEA Games Standard"]
[Site "Ho Chi Minh City VIE"]
[Date "2003.12.09"]
[Round "2"]
[White "Barus,C"]
[Black "Zaw Win Lay"]
[Result "1/2-1/2"]
[WhiteElo "2503"]
[BlackElo "2497"]

1.d4 Nf6 2.c4 e6 3.Nf3 b6 4.g3 Ba6 5.b3 Bb7 6.Bg2 Bb4+ 7.Bd2 a5 8.O-O O-O
9.Nc3 d6 10.Qc2 Bxc3 11.Bxc3 Be4 12.Qb2 Nbd7 13.Rfe1 Qc8 14.Bf1 c5 15.Rad1 Qc7
16.Nd2 Bc6 17.e4 cxd4 18.Bxd4 Rfd8 19.f3 Rab8 20.a4 Ne8 21.Qc3 Rbc8 22.Qe3 Nc5
23.Nb1 Qe7 24.Na3 e5 25.Bb2 Nc7 26.Nb5 N5e6 27.Bg2 Qg5 28.Ba3 Rb8 29.Bh3 Qe7
30.Qc3 h5  1/2-1/2

[Event "22nd SEA Games Standard"]
[Site "Ho Chi Minh City VIE"]
[Date "2003.12.09"]
[Round "3"]
[White "Adianto,U"]
[Black "Jiravorasuk,B"]
[Result "1-0"]
[WhiteElo "2581"]
[BlackElo "2276"]

1.d4 Nf6 2.c4 e6 3.Nf3 b6 4.g3 Ba6 5.Nbd2 c5 6.e4 d6 7.e5 Nfd7 8.Bg2 Bb7
9.O-O cxd4 10.exd6 Bxd6 11.Nxd4 Bxg2 12.Kxg2 Nf6 13.Qf3 Nbd7 14.Nc6 Qc8 15.Re1 O-O
16.b4 Re8 17.Bb2 Qc7 18.Bxf6 Nxf6 19.b5 a6 20.a4 Nd7 21.Qe4 Nc5 22.Qc2 g6
23.Ne4 Nxe4 24.Qxe4 f5 25.Qf3 Qg7 26.Rad1 Bc5 27.Re2 axb5 28.axb5 Ra3 29.Rd3 Rxd3
30.Qxd3 g5 31.Rxe6 Rxe6 32.Qd5 Qf7 33.Nd8 Re7 34.Nxf7 Rxf7 35.Qd8+ Kg7 36.Qxg5+ Kf8
37.h4 f4 38.Qh6+ Ke7 39.gxf4 Ke8 40.f5 Ke7 41.Qe6+  1-0

[Event "Attila Schneider Mem"]
[Site "Budapest HUN"]
[Date "2003.12.10"]
[Round "10"]
[White "Horvath,An"]
[Black "Lorincz,I"]
[Result "1/2-1/2"]
[WhiteElo "2265"]
[BlackElo "2305"]

1.d4 Nf6 2.Nf3 e6 3.c4 b6 4.g3 Ba6 5.Nbd2 c5 6.Bg2 Bb7 7.e4 d6 8.d5 exd5
9.cxd5 Ba6 10.Bf1 Bxf1  1/2-1/2

[Event "22nd SEA Games Standard"]
[Site "Ho Chi Minh City VIE"]
[Date "2003.12.10"]
[Round "5"]
[White "Barus,C"]
[Black "Leong,L"]
[Result "1/2-1/2"]
[WhiteElo "2503"]
[BlackElo "2263"]

1.d4 Nf6 2.c4 e6 3.Nf3 b6 4.g3 Ba6 5.b3 Bb4+ 6.Bd2 Be7 7.Bg2 c6 8.Bc3 d5
9.Ne5 Nfd7 10.Nxd7 Nxd7 11.Nd2 O-O 12.O-O Rc8 13.e4 c5 14.exd5 exd5 15.dxc5 dxc4
16.c6 cxb3 17.Re1 b2 18.Bxb2 Nc5 19.Nb3 Nd3 20.Re2 Nxb2 21.Rxb2 Bf6 22.Rd2 Qe8
23.Rc1 Bb5 24.Rd7 Be5 25.Nd4 Bxd4 26.Qxd4 Qe6 27.Qd5 Rxc6 28.Rd1 Qxd5 29.Bxd5 Rc5
30.Rxa7 Bc4 31.Bxc4 Rxc4 32.Rb1 Rc6 33.Rb7 Ra8 34.R7xb6 Rxb6 35.Rxb6 h5 36.Rb2 Kh7
37.Kf1 Kg6 38.Rc2 Kf5 39.Kg2 g6 40.f3 Ra3 41.Rf2 Ke5 42.Kh3 Kf5 43.Kg2 Ke5
44.Kf1 Kd4 45.Ke1 Ke3 46.Kf1 Kd4 47.Kg2 Ke5  1/2-1/2

[Event "ch-IND National A"]
[Site "Calicut IND"]
[Date "2003.12.12"]
[Round "12"]
[White "Singh,SV"]
[Black "Venkatesh,M"]
[Result "0-1"]
[WhiteElo "2342"]
[BlackElo "2401"]

1.d4 Nf6 2.c4 e6 3.Nf3 b6 4.g3 Ba6 5.b3 Bb4+ 6.Bd2 Be7 7.Nc3 O-O 8.Bg2 c6
9.O-O d5 10.cxd5 cxd5 11.Ne5 Nfd7 12.Nxd7 Qxd7 13.Re1 Nc6 14.Bc1 Rac8 15.Bb2 Rc7
16.Rc1 Rfc8 17.Qd2 h6 18.h4 Na5 19.Red1 Bb4 20.Qe3 Qe7 21.Nb1 Rc2 22.a3 Rxb2
23.Rxc8+ Bxc8 24.Qc1 Bxa3 25.Nxa3 Qxa3 26.Rd2 Rxb3 27.Qxc8+ Kh7 28.Qc2+ f5
29.Rd3 Rxd3 30.exd3 Qa1+ 31.Kh2 Qxd4 32.Qc8 Qf6 33.Qc7 Nb3 34.Qxa7 Nc5 35.Qxb6 Nxd3
36.f4 d4 37.Kg1 Ne1 38.Qb1 e5 39.fxe5 Qxe5 40.Qb6 d3  0-1

[Event "22nd SEA Games Standard"]
[Site "Ho Chi Minh City VIE"]
[Date "2003.12.13"]
[Round "9"]
[White "Chan Peng Kong"]
[Black "Zaw Oo"]
[Result "1/2-1/2"]
[WhiteElo "2344"]
[BlackElo "2452"]

1.d4 Nf6 2.c4 e6 3.Nf3 b6 4.g3 Ba6 5.b3 Bb7 6.Bg2 Bb4+ 7.Bd2 a5 8.O-O O-O
9.Nc3 d6 10.Qc2 Nbd7 11.Rfe1 Bxc3 12.Bxc3 Be4 13.Qc1 Qb8 14.Bf1 a4 15.Nd2 axb3
16.axb3 Rxa1 17.Bxa1 Bb7 18.e4 c5 19.d5 e5 20.f4 Re8 21.Bd3 Qd8 22.Nf3 Bc8
23.Bc3 h6 24.Qb2 Qc7 25.Kg2 Nh7 26.Ra1 Bb7 27.Nh4 Nhf8 28.Nf3 Ng6 29.h4 f6
30.f5 Ngf8 31.g4 Ra8 32.Rh1 Nh7 33.Kg3 Bc8 34.Ra1 Qb8 35.Bd2 Ra7 36.Be2  1/2-1/2

[Event "RUS-UKR Blitz g/3"]
[Site "bereg.ru INT"]
[Date "2003.12.14"]
[Round "7"]
[White "Zontakh,A"]
[Black "Virovlansky,S"]
[Result "1-0"]
[WhiteElo "2531"]
[BlackElo "2438"]

1.d4 Nf6 2.c4 e6 3.Nf3 b6 4.g3 Ba6 5.Qb3 c6 6.Bf4 Be7 7.Bg2 O-O 8.O-O d5
9.Nbd2 Nbd7 10.Rfe1 Rc8 11.e4 c5 12.exd5 exd5 13.cxd5 c4 14.Qa4 c3 15.bxc3 Nxd5
16.Qxa6 Nxf4 17.gxf4 Rxc3 18.Qxa7 Bb4 19.Qa4 Ba5 20.Ne4 Rc8 21.Re2 Nf6 22.Nxf6+ Qxf6
23.Rd1 Qxf4 24.Qb3 Rc3 25.Qd5 h6 26.Qe4 Qf6 27.d5 Rd8 28.Nd4 Rc4 29.Qd3 Ra4
30.Nb3 Rg4 31.Nxa5 bxa5 32.Re3 Ra4 33.a3 h5 34.d6 h4 35.d7 g6 36.Re8+ Kg7
37.Rxd8 Qxd8 38.Qc3+ Kg8 39.Qc8  1-0

[Event "ch-IND National A"]
[Site "Calicut IND"]
[Date "2003.12.15"]
[Round "17"]
[White "Das,A"]
[Black "Kunte,A"]
[Result "0-1"]
[WhiteElo "2299"]
[BlackElo "2535"]

1.d4 Nf6 2.Nf3 e6 3.c4 b6 4.g3 Ba6 5.Qa4 Bb7 6.Bg2 c5 7.dxc5 bxc5 8.O-O Be7
9.Nc3 O-O 10.Rd1 Qb6 11.Bf4 Rd8 12.Qc2 d6 13.Rd2 Nc6 14.Rad1 Nd4 15.Nxd4 cxd4
16.c5 dxc5 17.Na4 Qb5 18.Bxb7 Qxb7 19.Nxc5 Qb5 20.Nb3 e5 21.Bg5 Rac8 22.Qd3 Qa4
23.Bxf6 Bxf6 24.Rc2 h5 25.Rdc1 Rxc2 26.Qxc2 Bg5 27.Rd1 h4 28.Qb1 h3 29.Qf5 Bf6
30.Ra1 Qb5 31.Re1 Qa6 32.Nc1 Qb7 33.Qxh3 Qxb2 34.Qf5 Qd2 35.Rf1 Rb8 36.Qd3 Qb2
37.Qa6 Rd8 38.Qxa7 e4 39.Qa4 Rc8 40.Nb3 e3 41.fxe3 Qxe2 42.exd4 Rc2 43.Qa8+ Kh7
44.Rf4 Qxh2+ 45.Kf1 Qe2+ 46.Kg1 Qe1+  0-1

[Event "1st GM"]
[Site "Kish IRI"]
[Date "2003.12.19"]
[Round "9"]
[White "Guliev,S"]
[Black "Mahjoob,M"]
[Result "1/2-1/2"]
[WhiteElo "2537"]
[BlackElo "2408"]

1.d4 Nf6 2.c4 e6 3.Nf3 b6 4.g3 Ba6 5.b3 Bb4+ 6.Bd2 Be7 7.Bg2 c6 8.O-O O-O
9.Nc3 d5 10.Ne5 Nfd7 11.cxd5 cxd5 12.Nxd7 Qxd7 13.Re1 Nc6  1/2-1/2

[Event "Salona GM"]
[Site "Solin-Split CRO"]
[Date "2003.12.19"]
[Round "7"]
[White "Shariyazdanov,A"]
[Black "Cvitan,O"]
[Result "1-0"]
[WhiteElo "2580"]
[BlackElo "2516"]

1.d4 Nf6 2.c4 e6 3.Nf3 b6 4.g3 Ba6 5.b3 Bb4+ 6.Bd2 Be7 7.Bg2 c6 8.Bc3 d5
9.Nbd2 Nbd7 10.O-O O-O 11.Re1 c5 12.e4 dxc4 13.Nxc4 Bb7 14.e5 Nd5 15.Bd2 Rc8
16.a4 a6 17.Qe2 Rc7 18.Rac1 h6 19.Red1 Qb8 20.dxc5 Nxc5 21.Nd4 Kh7 22.a5 b5
23.Nd6 Bxd6 24.exd6 Rcc8 25.b4 Nd7 26.Be4+ Kg8 27.Bxh6 Rxc1 28.Rxc1 Rc8 29.Rxc8+ Qxc8
30.Bd2 Qb8 31.Bxd5 Bxd5 32.Bf4 Qc8 33.Qc2 Bc4 34.Nf3 Qc6 35.Nd2 Bd5 36.Qxc6 Bxc6
37.Be3 e5 38.f4 exf4 39.Bxf4 Bd5 40.Kf2 f6 41.Ke3 Kf7 42.Kd4 Ke6 43.g4 g5
44.Bg3 Ne5 45.Bxe5 fxe5+ 46.Kc5 Bg2 47.Nf1 Kd7 48.Ne3 Bf3 49.Nd5 Kd8 50.Nc7  1-0

[Event "3rd Amplico AIG Life"]
[Site "Warsaw POL"]
[Date "2003.12.20"]
[Round "?"]
[White "Grabarczyk,M"]
[Black "Baklan,V"]
[Result "1/2-1/2"]
[WhiteElo "2509"]
[BlackElo "2600"]

1.d4 Nf6 2.c4 e6 3.Nf3 b6 4.g3 Ba6 5.b3 Bb7 6.Bg2 Bb4+ 7.Bd2 a5 8.O-O O-O
9.a3 Bxd2 10.Qxd2 d6 11.Nc3 Ne4 12.Qe3 Nxc3 13.Qxc3 Nd7 14.Rfd1 Nf6 15.Nd2 Bxg2
16.Kxg2 Qe7 17.Qf3 Rfd8 18.e4 e5 19.d5 Nd7 20.b4 Ra7  1/2-1/2

[Event "Salona GM"]
[Site "Solin-Split CRO"]
[Date "2003.12.21"]
[Round "9"]
[White "Shariyazdanov,A"]
[Black "Brkic,A"]
[Result "1/2-1/2"]
[WhiteElo "2580"]
[BlackElo "2428"]

1.Nf3 Nf6 2.c4 e6 3.d4 b6 4.g3 Ba6 5.b3 Bb4+ 6.Bd2 Be7 7.Bg2 c6 8.Bc3 d5
9.Nbd2 O-O 10.O-O Nbd7 11.Re1 c5 12.e4 dxe4 13.Nxe4 Bb7 14.Nfg5 cxd4 15.Bxd4 Qc7
16.Nxf6+ Bxf6 17.Bxf6 Nxf6 18.Bxb7 Qxb7 19.Qf3 Qxf3 20.Nxf3 Rfd8 21.Rad1 Kf8
22.Kf1 Ke8 23.Ke2 Ne4 24.Ke3 Nd6 25.Nd4  1/2-1/2

[Event "Christmas Open"]
[Site "Zurich SUI"]
[Date "2003.12.26"]
[Round "1"]
[White "Knaus,S"]
[Black "Shneider,A"]
[Result "0-1"]
[WhiteElo "2147"]
[BlackElo "2519"]

1.d4 Nf6 2.c4 e6 3.Nf3 b6 4.g3 Ba6 5.b3 b5 6.Nbd2 bxc4 7.bxc4 Bb4 8.Qa4 c5
9.Rb1 Qa5 10.Qxa5 Bxa5 11.e3 Nc6 12.Kd1 O-O 13.dxc5 Ng4 14.Ke1 Rab8 15.Rxb8 Rxb8
16.Bd3 Nb4 17.Bb1 Nd5 18.Bxh7+ Kxh7 19.cxd5 Rb1 20.Kd1 Nxf2+  0-1

[Event "12th Donau Open"]
[Site "Aschach GER"]
[Date "2003.12.27"]
[Round "3"]
[White "Lautner,J"]
[Black "Seifert,V"]
[Result "1-0"]
[WhiteElo "2197"]
[BlackElo "2337"]

1.d4 e6 2.c4 Nf6 3.Nf3 b6 4.g3 Ba6 5.Qc2 Bb7 6.Bg2 c5 7.dxc5 Bxc5 8.O-O O-O
9.Bg5 Nc6 10.Nc3 Be7 11.Rfd1 d6 12.Rd2 Qb8 13.Bf4 Rd8 14.Ng5 Nb4 15.Qa4 Bxg2
16.Kxg2 Qb7+ 17.f3 Na6 18.Nge4 Nxe4 19.Nxe4 d5 20.cxd5 exd5 21.Rad1 b5 22.Qd4 Rac8
23.Qe5 Nb4 24.Nc3 Bf6 25.Qf5 Bxc3 26.bxc3 Rxc3 27.Be5 Rcc8 28.Qg4 f6 29.Bxf6 Rd7
30.Bxg7 Rxg7 31.Qxb4 Re8 32.Qb3 Rge7 33.e4 Kh8 34.Rxd5 b4 35.Qb2+ Rg7 36.Rd7  1-0

[Event "Open"]
[Site "Lilie Litomysl CZE"]
[Date "2003.12.27"]
[Round "3"]
[White "Bernasek,J"]
[Black "Polak,T"]
[Result "1/2-1/2"]
[WhiteElo "2365"]
[BlackElo "2482"]

1.d4 Nf6 2.c4 e6 3.Nf3 b6 4.g3 Ba6 5.Qa4 Bb7 6.Bg2 c5 7.O-O cxd4 8.Nxd4 Bxg2
9.Kxg2 Be7 10.Rd1 Qc8 11.f3 O-O 12.Nc3 Qb7 13.Bg5 h6 14.Bxf6 Bxf6 15.Ndb5 a6
16.Nd6 Qc7 17.Rac1 Be7  1/2-1/2

[Event "19th Winter Open"]
[Site "Nice FRA"]
[Date "2003.12.27"]
[Round "2"]
[White "Heinis,V"]
[Black "Dunis,A"]
[Result "0-1"]
[WhiteElo "2202"]
[BlackElo "2399"]

1.d4 Nf6 2.c4 e6 3.Nf3 b6 4.g3 Ba6 5.b3 Bb4+ 6.Bd2 Be7 7.Bg2 c6 8.Bc3 d5
9.Ne5 Nfd7 10.Nxd7 Nxd7 11.Nd2 O-O 12.O-O Rc8 13.Re1 f5 14.e3 Nf6 15.Bb2 Bb4
16.f3 c5 17.Rc1 dxc4 18.bxc4 cxd4 19.exd4 Bxd2 20.Qxd2 Bxc4 21.Qf4 Qd7 22.d5 Bxd5  0-1

[Event "North American Open"]
[Site "Las Vegas USA"]
[Date "2003.12.28"]
[Round "3"]
[White "Novikov,I"]
[Black "Izoria,Z"]
[Result "1/2-1/2"]
[WhiteElo "2594"]
[BlackElo "2546"]

1.d4 Nf6 2.c4 e6 3.Nf3 b6 4.g3 Ba6 5.b3 Bb4+ 6.Bd2 Be7 7.Bg2 c6 8.Bc3 d5
9.Nbd2 Nbd7 10.O-O O-O 11.Re1 c5 12.e4 dxe4 13.Nxe4 Bb7 14.Nfg5 Qc7 15.dxc5 bxc5
16.Nxf6+ Bxf6 17.Bxb7 Qxb7 18.Qh5 h6 19.Ne4 Bxc3 20.Nxc3 Qc6 21.Rad1 Nf6
22.Qe5 Rad8 23.Qe3 Ng4 24.Qe4 Qxe4 25.Nxe4 Ne5 26.Rf1 Nd3 27.Rd2 Rd7 28.Rfd1 Rfd8
29.f4 Rd4 30.Nxc5 Nxf4 31.Rxd4 Rxd4 32.Rxd4 Ne2+ 33.Kf2 Nxd4 34.Ke3 Nc2+
35.Ke4 Kf8 36.Na6 Ke7 37.b4 f5+ 38.Kd3 Ne1+ 39.Ke2 Nc2 40.b5 Na3 41.Kd3 e5
42.Nb4 Kd6 43.Nc6 f4  1/2-1/2

[Event "24th Open"]
[Site "Bethune FRA"]
[Date "2003.12.29"]
[Round "6"]
[White "Bouhallel,R"]
[Black "Sprenger,J"]
[Result "0-1"]
[WhiteElo "2302"]
[BlackElo "2493"]

1.d4 Nf6 2.Nf3 e6 3.c4 b6 4.g3 Ba6 5.b3 Bb4+ 6.Bd2 Be7 7.Bg2 c6 8.O-O d5
9.Ne5 O-O 10.Bc3 Nfd7 11.Nxd7 Nxd7 12.Nd2 Rc8 13.Re1 b5 14.e4 bxc4 15.bxc4 dxc4
16.Qa4 Bb5 17.Qc2 Nf6 18.a4 Ba6 19.Rad1 Rb8 20.Bf1 Bb4 21.Rb1 c5 22.dxc5 Bxc5
23.Rxb8 Qxb8 24.Bxf6 gxf6 25.Bxc4 Rc8 26.Qa2 Qb6 27.Rf1 Bxc4 28.Nxc4 Qb4
29.Rc1 Bd4 30.Rc2 Rc5 31.Nd2 Bc3 32.Nb3 Rc4 33.f3 Bd4+ 34.Nxd4 Rxd4 35.a5 Kg7
36.Kg2 Rd3 37.Qa1  0-1

[Event "Christmas Open"]
[Site "Zurich SUI"]
[Date "2003.12.29"]
[Round "6"]
[White "Shneider,A"]
[Black "Jenni,F"]
[Result "1-0"]
[WhiteElo "2519"]
[BlackElo "2522"]

1.d4 Nf6 2.c4 e6 3.Nf3 b6 4.g3 Ba6 5.b3 b5 6.cxb5 Bxb5 7.Bg2 Bc6 8.O-O Qc8
9.Bg5 Ne4 10.Bf4 Nf6 11.Nbd2 Bb4 12.Nc4 a5 13.a3 Be7 14.Qd2 a4 15.b4 O-O
16.Rfc1 Ra7 17.Na5 Bb5 18.d5 Nxd5 19.Nd4 Qa6 20.Bxd5 exd5 21.Qe3  1-0

[Event "Open"]
[Site "Lilie Litomysl CZE"]
[Date "2003.12.31"]
[Round "8"]
[White "Priehoda,V"]
[Black "Polak,T"]
[Result "0-1"]
[WhiteElo "2372"]
[BlackElo "2482"]

1.d4 Nf6 2.c4 e6 3.Nf3 b6 4.g3 Ba6 5.Qa4 Be7 6.Bg2 O-O 7.Nc3 Bb7 8.O-O Qc8
9.Bf4 Ne4 10.Nxe4 Bxe4 11.Rfd1 d6 12.Ne1 Bxg2 13.Nxg2 Qb7 14.Rac1 a6 15.Rd2 h6
16.f3 Rc8 17.e4 b5 18.Qc2 Nd7 19.b3 bxc4 20.Qxc4 c5 21.dxc5 Rxc5 22.Qf1 Rxc1
23.Qxc1 g5 24.Bxd6 Qb6+ 25.Kh1 Bxd6 26.Qd1 Ba3 27.Rxd7 Rc8 28.Qf1 Rc2 29.Rd1 Rxa2
30.h4 a5 31.f4 g4 32.f5 Rf2 33.Qd3 exf5 34.Qd8+ Qxd8 35.Rxd8+ Kg7 36.exf5 Rf1+
37.Kh2 Rxf5 38.Nf4 Bc1 39.Nd3 Be3 40.Re8 Bd2 41.Re2 Bc3 42.Rc2 Bf6 43.Rc4 h5
44.Ra4 Rb5 45.Nf4 Rc5 46.Kg2 Bd8 47.Rd4 Bb6 48.Rd3 Bc7 49.Nd5 Be5 50.Ne3 f6
51.Rd7+ Kg6 52.Rd3 Rb5 53.Nc4 Bc7 54.Rc3 Rd5 55.Re3 Kf7 56.Kf2 f5 57.Ke2 Kf6
58.Rc3 Rd7 59.Nd2 Be5 60.Rc6+ Rd6 61.Rxd6+ Bxd6 62.Nf1 f4 63.gxf4 Bxf4  0-1

[Event "Hilton Chess Festival"]
[Site "Basel SUI"]
[Date "2004.01.01"]
[Round "1"]
[White "Zontakh,A"]
[Black "Hell,P"]
[Result "1-0"]
[WhiteElo "2525"]
[BlackElo "2144"]

1.d4 Nf6 2.c4 e6 3.Nf3 b6 4.g3 Ba6 5.Qb3 Be7 6.Bg2 O-O 7.Nc3 Bb7 8.d5 Na6
9.O-O c6 10.dxe6 dxe6 11.Bf4 Qc8 12.Rad1 Rd8 13.a3 Rxd1 14.Rxd1 Qe8 15.Ne5 Rd8
16.Rxd8 Bxd8 17.Qa4 Bc7 18.Bxc6 Qb8 19.Bxb7 Nc5 20.Nc6 Nxa4 21.Nxb8 Bxf4
22.gxf4  1-0

[Event "10th Open"]
[Site "Bosnjaci CRO"]
[Date "2004.01.06"]
[Round "7"]
[White "Blagojevic,D"]
[Black "Jovanic,O"]
[Result "1/2-1/2"]
[WhiteElo "2513"]
[BlackElo "2432"]

1.d4 Nf6 2.c4 e6 3.Nf3 b6 4.g3 Ba6 5.b3 Bb7 6.Bg2 Bb4+ 7.Bd2 a5 8.O-O O-O
9.Qc2 d6 10.a3 Bxd2 11.Nbxd2 Nbd7 12.e4 e5 13.b4 axb4 14.axb4 c5 15.bxc5 bxc5
16.d5 Qc7 17.Rfb1  1/2-1/2

[Event "10th Open"]
[Site "Bosnjaci CRO"]
[Date "2004.01.08"]
[Round "9"]
[White "Rosic,S"]
[Black "Brkic,A"]
[Result "0-1"]
[WhiteElo "2303"]
[BlackElo "2420"]

1.d4 Nf6 2.c4 e6 3.Nf3 b6 4.g3 Ba6 5.Qc2 Bb7 6.Bg2 c5 7.d5 exd5 8.Nh4 g6
9.Nc3 Bg7 10.cxd5 O-O 11.O-O d6 12.h3 a6 13.e4 b5 14.a4 b4 15.Nd1 a5 16.Ne3 Nbd7
17.Re1 Nb6 18.Bf1 Re8 19.f3 Nh5 20.Bb5 Nxg3 21.Bxe8 Qxh4 22.Bc6 Bxc6 23.dxc6 Bd4
24.Rd1 Nh5 25.Qg2 Nf4 26.Qh2 Nd3 27.Rxd3 Qe1+ 28.Kg2 Qe2+ 29.Kg1 Qxd3 30.Qd2 Qxd2
31.Bxd2 Nc4 32.Kf2 Nxd2 33.Ke2 Bxe3 34.Kxe3 Nc4+  0-1

[Event "Excelsior Cup"]
[Site "Goteborg SWE"]
[Date "2004.01.13"]
[Round "6"]
[White "Hultin,J"]
[Black "Berg,E"]
[Result "0-1"]
[WhiteElo "2300"]
[BlackElo "2495"]

1.d4 Nf6 2.c4 e6 3.Nf3 b6 4.g3 Ba6 5.Nbd2 Bb4 6.Qc2 Bb7 7.Bg2 c5 8.a3 Be4
9.Qd1 Bxd2+ 10.Qxd2 cxd4 11.O-O Bxf3 12.Bxf3 Nc6 13.b4 Rc8 14.Bb2 Ne5 15.Qxd4 Nxc4
16.e4 e5 17.Qc3 O-O 18.Rad1 Qe7 19.Bc1 h6 20.Bg2 Qe6 21.Qb3 b5 22.Rd3 Rc7
23.Rfd1 Rfc8 24.Qb1 Nb6 25.Be3 Na4 26.Bc5 Nxc5 27.bxc5 Rxc5 28.Bf1 R8c6 29.Qb4 a6
30.Rf3 Qg4 31.Be2 Rc2 32.Rd2 Rxd2 33.Qxd2 Qxe4 34.Re3 Qb1+ 35.Kg2 Qf5  0-1

[Event "Testa GM"]
[Site "Griesheim GER"]
[Date "2004.01.21"]
[Round "2"]
[White "Bunzmann,D"]
[Black "Kunin,V"]
[Result "1/2-1/2"]
[WhiteElo "2542"]
[BlackElo "2425"]

1.d4 Nf6 2.c4 e6 3.Nf3 b6 4.g3 Ba6 5.Qb3 Nc6 6.Bd2 Bb7 7.d5 Ne7 8.dxe6 fxe6
9.Bg2 Nf5 10.O-O Bc5 11.Bb4 Qe7 12.Bxc5 Qxc5 13.Nbd2 O-O 14.Qd3 Nd6 15.Rac1 Qh5
16.Qd4 Nf5 17.Qf4 d6 18.h3 Qe8 19.e4 Nh5 20.Qg4 Nf6 21.Qf4 Nh5  1/2-1/2

[Event "1st WinTV Open"]
[Site "Chennai IND"]
[Date "2004.01.23"]
[Round "4"]
[White "Gopikrishna,M"]
[Black "Phoobalan,P"]
[Result "0-1"]
[WhiteElo "1975"]
[BlackElo "2242"]

1.d4 Nf6 2.c4 e6 3.Nf3 b6 4.g3 Ba6 5.Nbd2 Bb7 6.Bg2 Be7 7.O-O O-O 8.b3 c5
9.e3 d5 10.Bb2 Nbd7 11.Ne5 Ne8 12.Ndf3 f6 13.Nd3 Nd6 14.Bh3 dxc4 15.Bxe6+ Kh8
16.bxc4 Nf7 17.d5 Bd6 18.Nh4 Nde5 19.Nxe5 Nxe5 20.Rc1 Bc8 21.Bxc8 Qxc8 22.Bxe5 fxe5
23.e4 g6 24.Ng2 a6 25.f4 Qh3 26.Qe2 b5 27.Qb2 Qh5 28.cxb5 axb5 29.Qxb5 Rxa2
30.fxe5 Rb8 31.Qd7 Bxe5 32.Qe7 Bg7 33.Qh4 Qe2 34.Qh3 Qxe4 35.d6 Qd4+ 36.Kh1 Qxd6
37.Rcd1 Qc6 38.Rf7 c4 39.Rfd7 h6 40.Kg1 Rbb2 41.Nf4 c3 42.Rxg7 Qb6+ 43.Kh1 Rxh2+
44.Qxh2 Rxh2+ 45.Kxh2 Kxg7 46.Rd7+ Kg8 47.Nd5 Qf2+ 48.Kh1 c2 49.Ne7+ Kf8
50.Nxg6+ Ke8  0-1